Φρόυντ και ψυχανάλυση : παρουσίαση και αξιολόγηση

Αποθηκεύτηκε σε:
Λεπτομέρειες βιβλιογραφικής εγγραφής
Κύριος συγγραφέας: Stevens, Richard 1939-
Μορφή: Βιβλίο
Γλώσσα:Greek
Δημοσίευση: Αθήνα : Π.Κουτσουμπός, 1987
Θέματα:
Ετικέτες: Προσθήκη ετικέτας
Δεν υπάρχουν, Καταχωρήστε ετικέτα πρώτοι!

MARC

LEADER 00000nam a2200000 i 4500
001 1/83099
008 960621s1987 gre d
035 |a 1987  |c Αγορά  |l 10034109 
040 |a GR-MY-UA  |b gre  |e aacr 
041 0 |a gre 
082 0 |a 150.1952 
100 1 |a Stevens, Richard  |d 1939- 
245 1 0 |a Φρόυντ και ψυχανάλυση :  |b παρουσίαση και αξιολόγηση /  |c Richard Stevens 
260 |a Αθήνα :   |b Π.Κουτσουμπός,   |c 1987 
300 |a 233 σ. 
600 1 0 |a Freud, Sigmund,   |d 1856-1939. 
650 0 0 |a Psychoanalysis. 
852 |a INST  |b RHODES  |e 19960621  |h 150.1952 STE  |p 005400004799  |q 005400004799  |t BK  |y 0 
909 |a Ρ  |b 007591  |c 1987